Case Of Escherichia Coli Resistant To Antibiotics In Piglet In Tbeng Commune, Kampongsvay District, Kampong Thom Province, ករណី Escherichia Coli ស៊ាំនឹងឳសថអង់ទីប៊ីយ៉ូទិកលើកូនជ្រូកនៅឃុំត្បែង ស្រុកកំពង់ស្វាយ ខេត្តកំពង់ធំ (Record no. 25536)

000 -LEADER
fixed length control field 00663nam a22001217a 4500
040 ## - CATALOGING SOURCE
Transcribing agency RUA
082 ## - DEWEY DECIMAL CLASSIFICATION NUMBER
Classification number VEM DOL 2025 B705 Or.1
100 ## - MAIN ENTRY--AUTHOR NAME
Personal name DOL MAKARA, ឌុល មករា
245 ## - TITLE STATEMENT
Title Case Of Escherichia Coli Resistant To Antibiotics In Piglet In Tbeng Commune, Kampongsvay District, Kampong Thom Province, ករណី Escherichia Coli ស៊ាំនឹងឳសថអង់ទីប៊ីយ៉ូទិកលើកូនជ្រូកនៅឃុំត្បែង ស្រុកកំពង់ស្វាយ ខេត្តកំពង់ធំ
260 ## - PUBLICATION, DISTRIBUTION, ETC. (IMPRINT)
Place of publication PHNOM PENH
Name of publisher RUA
Year of publication 2025
300 ## - PHYSICAL DESCRIPTION
Number of Pages IX,43P.
Other physical details ILL.
Dimensions 29CM.
942 ## - ADDED ENTRY ELEMENTS (KOHA)
Koha item type សារណាបទ
952 ## - LOCATION AND ITEM INFORMATION (KOHA)
Withdrawn status [LOCAL, KOHA] 0
952 ## - LOCATION AND ITEM INFORMATION (KOHA)
Withdrawn status [LOCAL, KOHA] 0
Holdings
Permanent Location Date acquired Koha item type Lost status Shelving location Barcode Current Location Full call number
Library Block B2026-03-09សារណាបទ B705c034448Library Block BVEM DOL 2025 B705 Or.2
Library Block B2026-03-09សារណាបទ B705c034554Library Block DVEM DOL 2025 B705 Or.1
មជ្ឈមណ្ឌលឯការនៃសាកលវិទ្យាល័យភូមិន្ទកសិកម្មចំការដូង

Powered by Koha